The lives of the most eminent english poets; with observations on their works.
Saved in:
| Main Author: | |
|---|---|
| Format: | Book |
| Language: | English |
| Published: |
London, England, United Kingdom
Caslon,J. Robson, J. Johnson
1783
|
| Edition: | Segunda edición |
| Subjects: | |
| Tags: |
Add Tag
No Tags, Be the first to tag this record!
|
MARC
| LEADER | 00000nam a2200000 a 4500 | ||
|---|---|---|---|
| 001 | UCJ7452 | ||
| 003 | CL-VaPUC | ||
| 005 | 20230718160220.0 | ||
| 008 | 070124e17830000UK |||||||||||||||||eng|d | ||
| 999 | |c 323536 |d 323534 | ||
| 040 | |c Pontificia Universidad Católica de Valparaíso | ||
| 082 | 0 | 4 | |a 821 JOH 1783 |2 21 |
| 100 | |a Johnson, Samuel |e author |9 858427 | ||
| 245 | 1 | 4 | |a The lives of the most eminent english poets; with observations on their works. |
| 250 | |a Segunda edición | ||
| 260 | 0 | 3 | |a London, England, United Kingdom |b Caslon,J. Robson, J. Johnson |c 1783 |
| 300 | |a 4 volúmenes. | ||
| 500 | |a En el frontispicio del v. 1°, retrato del autor | ||
| 583 | |a last modification |c 20070124 00:00:00 |k Rodrigo Vera | ||
| 650 | 7 | |a BIOGRAFIAS |2 CL-VaPUC |9 504622 | |
| 650 | 0 | |a Poesía inglesa |9 264944 | |
| 650 | 0 | |a Poetas ingleses |9 345278 | |
| 650 | 0 | |a Crítica literaria |9 269189 | |
| 650 | 0 | |a Iconografía |9 267998 | |
| 942 | |c BK |2 ddc | ||
| 945 | |d 20070124 00:00:00 |a rinostro | ||
| 952 | |0 0 |1 0 |4 0 |6 821_000000000000000_JOH_1783 |7 0 |8 X |9 403220 |a FDOBUD |b FDOBUD |d 2019-11-22 |h v.1 |i 1063995 |o 821 JOH 1783 |p 1063995 |r 2019-11-22 |t 1 |w 2019-11-22 |y BK_X |k BUD | ||
| 952 | |0 0 |1 0 |4 0 |6 821_000000000000000_JOH_1783 |7 0 |8 X |9 403221 |a FDOBUD |b FDOBUD |d 2019-11-22 |h v.2 |i 1064002 |o 821 JOH 1783 |p 1064002 |r 2019-11-22 |t 1 |w 2019-11-22 |y BK_X |k BUD | ||
| 952 | |0 0 |1 0 |4 0 |6 821_000000000000000_JOH_1783 |7 0 |8 X |9 403222 |a FDOBUD |b FDOBUD |d 2019-11-22 |h v.3 |i 1064010 |o 821 JOH 1783 |p 1064010 |r 2019-11-22 |t 1 |w 2019-11-22 |y BK_X |k BUD | ||
| 952 | |0 0 |1 0 |4 0 |6 821_000000000000000_JOH_1783 |7 0 |8 X |9 403223 |a FDOBUD |b FDOBUD |d 2019-11-22 |h v.4 |i 1064029 |o 821 JOH 1783 |p 1064029 |r 2019-11-22 |t 1 |w 2019-11-22 |y BK_X |k BUD | ||